00968cam a22002654a 4500020001800000020001500018040000800033082002600041245008100067246005500148250001200203260004700215300004800262500015600310650001500466650002200481650001000503650001400513700002400527700002300551700002300574700002200597700002500619856005800644 a9780721606934 a0721606938 cDLC00a615 SAU 2007 A115 Or.00aHaddad and Winchester's clinical management of poisoning and drug overdose /30aClinical management of poisoning and drug overdose a4th ed. aPhiladelphia :bSaunders/Elsevier,cc2007. axxvi, 1559 p. :bill. (some col.) ;c29 cm. aRev. ed. of: Clinical management of poisoning and drug overdose / [edited by] Lester M. Haddad, Michael W. Shannon, James F. Winchester. 3rd ed. c1998. 0aPoisoning. 0aMedication abuse. 0aDrugs12aPoisoning1 aShannon, Michael W.1 aBorron, Stephen W.1 aBurns, Michael J.,1 aHaddad, Lester M.1 aWinchester, James F.41uhttp://www.loc.gov/catdir/toc/ecip074/2006037454.html